Eléments de calcul différentiel et intégral / (Record no. 75368)

MARC details
000 -LEADER
campo de control de longitud fija 00662nam a2200181 i 4500
001 - NÚMERO DE CONTROL
campo de control 75368
003 - IDENTIFICADOR DE NÚMERO DE CONTROL
campo de control ES-MaACL
007 - CAMPO FIJO DE DESCRIPCIÓN FÍSICA--INFORMACIÓN GENERAL
campo de control de longitud fija t|
008 - DATOS DE LONGITUD FIJA--INFORMACIÓN GENERAL
campo de control de longitud fija 040924q1926 fr ||||1| fre d
100 1# - ENTRADA PRINCIPAL--NOMBRE DE PERSONA
Nombre de persona Granville, William Anthony.
9 (RLIN) 59664
245 10 - MENCIÓN DEL TÍTULO
Título Eléments de calcul différentiel et intégral /
Mención de responsabilidad, etc. par William Anthony Granville ; en collaboration pour l'edition avec Percey F. Smith ; traduit de l'anglais par A.A.M. Sallim.
250 ## - MENCION DE EDICION
Mención de edición 10ème ed.
260 ## - PUBLICACIÓN, DISTRIBUCIÓN, ETC.
Lugar de publicación, distribución, etc. Paris :
Nombre del editor, distribuidor, etc. Vuibert,
Fecha de publicación, distribución, etc. 1926- (
Lugar de fabricación/manufactura Chartres :
Fabricante Durand)
300 ## - DESCRIPCIÓN FÍSICA
Extensión VI, 548 p. :
Otras características físicas il. ;
Dimensiones 25 cm.
700 1# - ENTRADA AGREGADA--NOMBRE PERSONAL
Nombre de persona Smith, Percey F.
9 (RLIN) 106912
700 1# - ENTRADA AGREGADA--NOMBRE PERSONAL
Nombre de persona Sallim, A. A. M.
9 (RLIN) 101982
852 ## - LOCALIZACIÓN
Ubicación ES-MaACL
Número de control de estantería B-3890
Holdings
Estatus retirado Estado de pérdida Estado de daño No para préstamo Biblioteca de origen Biblioteca actual Ubicación en estantería Fecha de adquisición Fuente de adquisición Total de préstamos Signatura topográfica completa Código de barras Visto por última vez Precio de reemplazo Tipo de ítem Koha
        Biblioteca del Ateneo de Madrid Biblioteca del Ateneo de Madrid Sala Pardo Bazán 17/01/2008     B-3890 1078884 23/02/2023 23/02/2023 Libro impreso